[Event "Rapid 2018"]
[Site "Saint-Petersburg"]
[Date "2018.12.27"]
[Round "10"]
[Board "82"]
[White "Lobanov Sergei (RUS)"]
[Black "Gordievsky Dmitry (RUS)"]
[Result "0-1"]
[LiveChessVersion "1.4.8"]
[BlackElo "2496"]
[WhiteElo "2398"]

1. e4 {[%clk 0:15:18]} c5 {[%clk 0:14:47]} 2. Nf3 {[%clk 0:15:27]} Nc6
{[%clk 0:14:55]} 3. d4 {[%clk 0:15:35]} cxd4 {[%clk 0:15:04]} 4. Nxd4
{[%clk 0:15:44]} Qb6 {[%clk 0:15:13]} 5. Nb3 {[%clk 0:15:41]} Nf6
{[%clk 0:15:22]} 6. Nc3 {[%clk 0:15:49]} e6 {[%clk 0:15:30]} 7. Qe2
{[%clk 0:15:10]} Bb4 {[%clk 0:14:59]} 8. Bd2 {[%clk 0:15:19]} O-O
{[%clk 0:12:51]} 9. a3 {[%clk 0:15:27]} Bxc3 {[%clk 0:12:57]} 10. Bxc3
{[%clk 0:15:35]} e5 {[%clk 0:13:04]} 11. O-O-O {[%clk 0:15:29]} a5
{[%clk 0:12:40]} 12. Kb1 {[%clk 0:13:46]} Rd8 {[%clk 0:10:51]} 13. f3
{[%clk 0:11:34]} d6 {[%clk 0:09:45]} 14. Be1 {[%clk 0:07:38]} a4 {[%clk 0:09:36]}
15. Bf2 {[%clk 0:07:41]} Qc7 {[%clk 0:09:38]} 16. Nd2 {[%clk 0:04:46]} d5
{[%clk 0:07:19]} 17. exd5 {[%clk 0:04:41]} Nxd5 {[%clk 0:07:25]} 18. Ne4
{[%clk 0:04:07]} Bf5 {[%clk 0:07:02]} 19. Qe1 {[%clk 0:03:29]} Na5
{[%clk 0:03:37]} 20. Bd3 {[%clk 0:03:03]} Bg6 {[%clk 0:03:41]} 21. g3
{[%clk 0:02:48]} Nc4 {[%clk 0:03:31]} 22. h4 {[%clk 0:02:26]} h6 {[%clk 0:01:25]}
23. h5 {[%clk 0:00:49]} Bh7 {[%clk 0:01:34]} 24. Nc5 {[%clk 0:00:44]} Bxd3
{[%clk 0:01:33]} 25. cxd3 {[%clk 0:00:23]} Na5 {[%clk 0:00:58]} 26. Rc1
{[%clk 0:00:20]} Nc6 {[%clk 0:00:55]} 27. Qe4 {[%clk 0:00:16]} Nf6
{[%clk 0:01:02]} 28. Qc4 {[%clk 0:00:21]} Nd4 {[%clk 0:00:13]} 29. f4
{[%clk 0:00:17]} b5 {[%clk 0:00:17]} 30. Qb4 {[%clk 0:00:19]} Nd5
{[%clk 0:00:21]} 31. Qd2 {[%clk 0:00:24]} Nc6 {[%clk 0:00:20]} 32. Ne4
{[%clk 0:00:18]} Qd7 {[%clk 0:00:23]} 33. fxe5 {[%clk 0:00:25]} Nxe5
{[%clk 0:00:30]} 34. Bc5 {[%clk 0:00:19]} Rac8 {[%clk 0:00:28]} 35. d4
{[%clk 0:00:19]} Nc4 {[%clk 0:00:36]} 36. Qf2 {[%clk 0:00:28]} Re8
{[%clk 0:00:38]} 37. Nd2 {[%clk 0:00:21]} Nde3 {[%clk 0:00:27]} 38. Nxc4
{[%clk 0:00:28]} Nxc4 {[%clk 0:00:34]} 39. Qf4 {[%clk 0:00:17]} Re2
{[%clk 0:00:36]} 40. Rc2 {[%clk 0:00:27]} Rxc2 {[%clk 0:00:21]} 41. Kxc2
{[%clk 0:00:35]} Re8 {[%clk 0:00:28]} 42. Rh2 {[%clk 0:00:38]} Qd5
{[%clk 0:00:35]} 43. Rf2 {[%clk 0:00:21]} Ne3+ {[%clk 0:00:39]} 44. Kb1
{[%clk 0:00:22]} Qh1+ {[%clk 0:00:11]} 45. Ka2 {[%clk 0:00:31]} Qd5+
{[%clk 0:00:20]} 46. Kb1 {[%clk 0:00:35]} Qxh5 {[%clk 0:00:24]} 47. Rf3
{[%clk 0:00:40]} Qg6+ {[%clk 0:00:20]} 48. Ka2 {[%clk 0:00:36]} Qe6+
{[%clk 0:00:29]} 49. Kb1 {[%clk 0:00:29]} Nd5 {[%clk 0:00:36]} 50. Qf5
{[%clk 0:00:28]} Nc3+ {[%clk 0:00:32]} 51. Kc2 {[%clk 0:00:12]} Qb3+
{[%clk 0:00:35]} 52. Kd2 {[%clk 0:00:17]} Re2+ {[%clk 0:00:42]} 53. Kd3
{[%clk 0:00:26]} Qc2# 0-1

[Event "Rapid 2018"]
[Site "Saint-Petersburg"]
[Date "2018.12.27"]
[Round "10"]
[Board "83"]
[White "Ovchinnikov Vsevolod (RUS)"]
[Black "Drygalov Andrey (RUS)"]
[Result "1/2-1/2"]
[LiveChessVersion "1.4.8"]
[BlackElo "2491"]
[WhiteElo "2330"]

1. d4 {[%clk 0:15:17]} d5 {[%clk 0:15:04]} 2. c4 {[%clk 0:15:26]} c6
{[%clk 0:15:13]} 3. Nf3 {[%clk 0:15:34]} Nf6 {[%clk 0:15:21]} 4. g3
{[%clk 0:15:42]} g6 {[%clk 0:15:29]} 5. Bg2 {[%clk 0:15:49]} Bg7 {[%clk 0:15:38]}
6. Qb3 {[%clk 0:15:56]} O-O {[%clk 0:15:45]} 7. O-O {[%clk 0:16:03]} dxc4
{[%clk 0:15:54]} 8. Qxc4 {[%clk 0:16:11]} Bf5 {[%clk 0:16:04]} 9. Nc3
{[%clk 0:14:07]} Nbd7 {[%clk 0:16:13]} 10. Bf4 {[%clk 0:11:51]} Rc8
{[%clk 0:15:10]} 11. Rac1 {[%clk 0:06:15]} Qb6 {[%clk 0:14:55]} 12. Na4
{[%clk 0:05:53]} Qb5 {[%clk 0:14:59]} 13. b3 {[%clk 0:04:28]} Nd5
{[%clk 0:12:42]} 14. Bd2 {[%clk 0:03:22]} Be4 {[%clk 0:12:43]} 15. Qxb5
{[%clk 0:01:41]} cxb5 {[%clk 0:12:52]} 16. Nc3 {[%clk 0:01:50]} Nxc3
{[%clk 0:12:30]} 17. Bxc3 {[%clk 0:01:36]} Nb6 {[%clk 0:11:14]} 18. e3
{[%clk 0:01:26]} Nd5 {[%clk 0:10:07]} 19. Bd2 {[%clk 0:01:34]} h6
{[%clk 0:07:53]} 20. Nh4 {[%clk 0:01:19]} Bxg2 {[%clk 0:07:30]} 21. Kxg2
{[%clk 0:01:26]} e6 {[%clk 0:06:54]} 22. Nf3 {[%clk 0:01:22]} f5 {[%clk 0:06:59]}
23. Rfd1 {[%clk 0:00:40]} Rfd8 {[%clk 0:06:49]} 24. h3 {[%clk 0:00:29]} g5
{[%clk 0:06:46]} 25. Kf1 {[%clk 0:00:33]} Bf8 {[%clk 0:06:47]} 26. Rxc8
{[%clk 0:00:14]} Rxc8 {[%clk 0:06:55]} 27. Rc1 {[%clk 0:00:19]} Rxc1+
{[%clk 0:06:09]} 28. Bxc1 {[%clk 0:00:28]} Nb4 {[%clk 0:06:12]} 29. a4
{[%clk 0:00:26]} bxa4 {[%clk 0:04:09]} 30. bxa4 {[%clk 0:00:35]} Nd3
{[%clk 0:03:55]} 31. Bd2 {[%clk 0:00:44]} Nb2 {[%clk 0:04:02]} 32. a5
{[%clk 0:00:53]} Nc4 {[%clk 0:04:05]} 33. Bc3 {[%clk 0:01:02]} Nd6
{[%clk 0:02:53]} 34. Ne5 {[%clk 0:01:03]} Nb5 {[%clk 0:01:38]} 35. Be1
{[%clk 0:01:01]} Bd6 {[%clk 0:01:45]} 36. Nc4 {[%clk 0:01:01]} Bc7
{[%clk 0:01:45]} 37. Bb4 {[%clk 0:00:46]} Kf7 {[%clk 0:01:31]} 38. g4
{[%clk 0:00:55]} Kg6 {[%clk 0:01:26]} 39. Ke2 {[%clk 0:00:27]} h5
{[%clk 0:01:26]} 40. f3 {[%clk 0:00:35]} f4 {[%clk 0:00:16]} 1/2-1/2

[Event "Rapid 2018"]
[Site "Saint-Petersburg"]
[Date "2018.12.27"]
[Round "10"]
[Board "84"]
[White "Makarov Marat (RUS)"]
[Black "Hirneise Jens (GER)"]
[Result "1/2-1/2"]
[LiveChessVersion "1.4.8"]
[BlackElo "2355"]
[WhiteElo "2486"]

1. Nf3 {[%clk 0:15:14]} Nf6 {[%clk 0:15:18]} 2. c4 {[%clk 0:15:22]} g6
{[%clk 0:15:27]} 3. d4 {[%clk 0:15:28]} Bg7 {[%clk 0:15:36]} 4. g3
{[%clk 0:15:36]} O-O {[%clk 0:15:43]} 5. Bg2 {[%clk 0:15:45]} d6 {[%clk 0:15:51]}
6. O-O {[%clk 0:15:52]} Nc6 {[%clk 0:15:59]} 7. Nc3 {[%clk 0:15:54]} Bf5
{[%clk 0:16:04]} 8. d5 {[%clk 0:15:57]} Na5 {[%clk 0:16:07]} 9. Nd4
{[%clk 0:16:01]} Bd7 {[%clk 0:15:52]} 10. b3 {[%clk 0:13:00]} c5 {[%clk 0:15:57]}
11. Nc2 {[%clk 0:13:09]} a6 {[%clk 0:15:26]} 12. Qd3 {[%clk 0:13:02]} Rb8
{[%clk 0:15:03]} 13. Bd2 {[%clk 0:13:04]} b5 {[%clk 0:14:49]} 14. Rab1
{[%clk 0:13:01]} Qc7 {[%clk 0:13:01]} 15. e4 {[%clk 0:12:33]} Ng4
{[%clk 0:12:16]} 16. f4 {[%clk 0:12:29]} bxc4 {[%clk 0:11:20]} 17. bxc4
{[%clk 0:12:36]} Rxb1 {[%clk 0:11:02]} 18. Rxb1 {[%clk 0:09:12]} Bd4+
{[%clk 0:09:45]} 19. Nxd4 {[%clk 0:08:03]} cxd4 {[%clk 0:09:54]} 20. Qxd4
{[%clk 0:07:34]} Nxc4 {[%clk 0:09:36]} 21. Bc1 {[%clk 0:05:47]} Rc8
{[%clk 0:08:28]} 22. h3 {[%clk 0:03:33]} Nge3 {[%clk 0:04:34]} 23. Bxe3
{[%clk 0:02:33]} Nxe3 {[%clk 0:04:43]} 24. Qxe3 {[%clk 0:02:19]} Qxc3
{[%clk 0:04:51]} 25. Qxc3 {[%clk 0:02:18]} Rxc3 {[%clk 0:05:00]} 26. Rb7
{[%clk 0:01:13]} Bb5 {[%clk 0:04:55]} 27. Rxe7 {[%clk 0:00:57]} Kf8
{[%clk 0:04:19]} 28. Rb7 {[%clk 0:00:56]} Rc1+ {[%clk 0:03:58]} 29. Kh2
{[%clk 0:00:43]} Rc2 {[%clk 0:03:55]} 30. Kg1 {[%clk 0:00:43]} Rc1+
{[%clk 0:04:04]} 31. Kh2 {[%clk 0:00:22]} Rc2 {[%clk 0:04:13]} 32. Kg1
{[%clk 0:00:29]} Rc1+ {[%clk 0:04:22]} 1/2-1/2

[Event "Rapid 2018"]
[Site "Saint-Petersburg"]
[Date "2018.12.27"]
[Round "10"]
[Board "85"]
[White "Zakhartsov Vladimir (RUS)"]
[Black "Shaposhnikov Evgeny (RUS)"]
[Result "0-1"]
[LiveChessVersion "1.4.8"]
[BlackElo "2613"]
[WhiteElo "2473"]

1. e4 {[%clk 0:15:14]} c5 {[%clk 0:15:18]} 2. Nf3 {[%clk 0:15:23]} e6
{[%clk 0:15:27]} 3. g3 {[%clk 0:15:30]} Nc6 {[%clk 0:15:31]} 4. Bg2
{[%clk 0:15:39]} Nf6 {[%clk 0:15:39]} 5. Nc3 {[%clk 0:15:48]} e5 {[%clk 0:15:41]}
6. O-O {[%clk 0:15:34]} g6 {[%clk 0:15:33]} 7. d3 {[%clk 0:15:39]} Bg7
{[%clk 0:15:40]} 8. Nd2 {[%clk 0:15:48]} O-O {[%clk 0:15:45]} 9. Nc4
{[%clk 0:15:55]} d6 {[%clk 0:15:34]} 10. h3 {[%clk 0:15:01]} Nh5 {[%clk 0:15:19]}
11. a4 {[%clk 0:14:24]} a6 {[%clk 0:15:00]} 12. a5 {[%clk 0:14:13]} Be6
{[%clk 0:15:06]} 13. Nd5 {[%clk 0:14:09]} Bxd5 {[%clk 0:14:52]} 14. exd5
{[%clk 0:14:17]} Ne7 {[%clk 0:14:58]} 15. Rb1 {[%clk 0:13:48]} Nf6
{[%clk 0:14:02]} 16. Nb6 {[%clk 0:13:26]} Rb8 {[%clk 0:14:11]} 17. b4
{[%clk 0:13:30]} cxb4 {[%clk 0:13:44]} 18. Rxb4 {[%clk 0:13:27]} Nd7
{[%clk 0:13:52]} 19. Nc4 {[%clk 0:12:44]} Qc7 {[%clk 0:13:46]} 20. Ba3
{[%clk 0:11:15]} Rfd8 {[%clk 0:12:54]} 21. Qb1 {[%clk 0:10:13]} Nf5
{[%clk 0:12:07]} 22. c3 {[%clk 0:08:37]} h5 {[%clk 0:11:18]} 23. Be4
{[%clk 0:07:58]} Ne7 {[%clk 0:10:43]} 24. Rc1 {[%clk 0:06:16]} Nf6
{[%clk 0:10:08]} 25. Nb6 {[%clk 0:06:05]} Nc8 {[%clk 0:08:34]} 26. Qb3
{[%clk 0:04:20]} Bf8 {[%clk 0:05:14]} 27. Rc4 {[%clk 0:02:48]} Qe7
{[%clk 0:05:19]} 28. Bg2 {[%clk 0:02:48]} Na7 {[%clk 0:05:16]} 29. Rb1
{[%clk 0:02:45]} Nb5 {[%clk 0:05:24]} 30. Bc1 {[%clk 0:02:51]} Nd7
{[%clk 0:05:00]} 31. Be3 {[%clk 0:02:52]} Nc5 {[%clk 0:04:07]} 32. Bxc5
{[%clk 0:02:45]} dxc5 {[%clk 0:04:16]} 33. Re4 {[%clk 0:02:42]} Qc7
{[%clk 0:04:00]} 34. Rbe1 {[%clk 0:02:21]} Bg7 {[%clk 0:04:06]} 35. R4e2
{[%clk 0:02:19]} Bf6 {[%clk 0:03:50]} 36. h4 {[%clk 0:02:13]} Kg7
{[%clk 0:03:59]} 37. Nc4 {[%clk 0:02:14]} Nd6 {[%clk 0:03:23]} 38. Nb6
{[%clk 0:01:26]} Re8 {[%clk 0:03:20]} 39. Bh3 {[%clk 0:01:30]} Re7
{[%clk 0:03:24]} 40. Qa4 {[%clk 0:00:59]} Rd8 {[%clk 0:03:28]} 41. c4
{[%clk 0:00:57]} Kg8 {[%clk 0:03:09]} 42. Qa3 {[%clk 0:01:03]} Rde8
{[%clk 0:02:44]} 43. Na4 {[%clk 0:00:44]} e4 {[%clk 0:02:14]} 44. Nb6
{[%clk 0:00:33]} Bd4 {[%clk 0:02:11]} 45. Kg2 {[%clk 0:00:25]} f5
{[%clk 0:01:55]} 46. dxe4 {[%clk 0:00:22]} Nxe4 {[%clk 0:01:57]} 47. Qa4
{[%clk 0:00:16]} Bxf2 {[%clk 0:01:50]} 48. d6 {[%clk 0:00:14]} Qxd6
{[%clk 0:01:53]} 49. Qb3 {[%clk 0:00:12]} 0-1

[Event "Rapid 2018"]
[Site "Saint-Petersburg"]
[Date "2018.12.27"]
[Round "10"]
[Board "86"]
[White "Drygalov Sergey (RUS)"]
[Black "Iljiushenok Ilia (RUS)"]
[Result "1/2-1/2"]
[LiveChessVersion "1.4.8"]
[BlackElo "2607"]
[WhiteElo "2471"]

1. e4 {[%clk 0:15:17]} c5 {[%clk 0:15:16]} 2. Nf3 {[%clk 0:15:26]} e6
{[%clk 0:15:25]} 3. d4 {[%clk 0:15:34]} cxd4 {[%clk 0:15:33]} 4. Nxd4
{[%clk 0:15:43]} Nc6 {[%clk 0:15:42]} 5. Nc3 {[%clk 0:15:51]} Qc7
{[%clk 0:15:51]} 6. Qd3 {[%clk 0:14:28]} Nxd4 {[%clk 0:15:53]} 7. Qxd4
{[%clk 0:14:36]} a6 {[%clk 0:16:02]} 8. Be3 {[%clk 0:14:31]} Ne7 {[%clk 0:16:09]}
9. O-O-O {[%clk 0:14:07]} Nc6 {[%clk 0:16:11]} 10. Qb6 {[%clk 0:14:13]} Qb8
{[%clk 0:16:07]} 11. f4 {[%clk 0:12:27]} d6 {[%clk 0:15:42]} 12. e5
{[%clk 0:11:08]} dxe5 {[%clk 0:11:14]} 13. Bc5 {[%clk 0:09:52]} Qa7
{[%clk 0:08:53]} 14. Qxc6+ {[%clk 0:09:58]} bxc6 {[%clk 0:09:00]} 15. Bxa7
{[%clk 0:10:06]} Rxa7 {[%clk 0:09:09]} 16. fxe5 {[%clk 0:10:15]} g6
{[%clk 0:08:27]} 17. Bc4 {[%clk 0:08:27]} Bh6+ {[%clk 0:05:28]} 18. Kb1
{[%clk 0:08:30]} Bf4 {[%clk 0:05:36]} 19. Rde1 {[%clk 0:07:25]} Ke7
{[%clk 0:04:32]} 20. g3 {[%clk 0:06:41]} Bd2 {[%clk 0:04:06]} 21. Rd1
{[%clk 0:06:50]} Bxc3 {[%clk 0:04:07]} 22. bxc3 {[%clk 0:06:59]} Rd8
{[%clk 0:03:16]} 23. Rxd8 {[%clk 0:06:40]} Kxd8 {[%clk 0:03:25]} 24. g4
{[%clk 0:06:00]} a5 {[%clk 0:02:13]} 25. a4 {[%clk 0:04:05]} h6 {[%clk 0:01:21]}
26. h4 {[%clk 0:03:12]} Ba6 {[%clk 0:01:23]} 27. Bxa6 {[%clk 0:02:48]} Rxa6
{[%clk 0:01:32]} 28. h5 {[%clk 0:02:35]} gxh5 {[%clk 0:01:13]} 29. Rxh5
{[%clk 0:02:36]} Ke7 {[%clk 0:01:13]} 30. Rxh6 {[%clk 0:02:13]} Ra8
{[%clk 0:01:22]} 31. g5 {[%clk 0:01:44]} Rg8 {[%clk 0:01:17]} 32. Rh5
{[%clk 0:01:52]} Kf8 {[%clk 0:00:41]} 33. Kb2 {[%clk 0:01:04]} Kg7
{[%clk 0:00:50]} 34. c4 {[%clk 0:00:37]} Rb8+ {[%clk 0:00:37]} 35. Kc3
{[%clk 0:00:42]} c5 {[%clk 0:00:39]} 36. Rh1 {[%clk 0:00:12]} Rb4
{[%clk 0:00:47]} 37. Ra1 {[%clk 0:00:16]} Kg6 {[%clk 0:00:52]} 38. Rf1
{[%clk 0:00:25]} Rxa4 {[%clk 0:00:36]} 39. Rf6+ {[%clk 0:00:34]} Kxg5
{[%clk 0:00:32]} 40. Rxf7 {[%clk 0:00:41]} Ra3+ {[%clk 0:00:41]} 41. Kd2
{[%clk 0:00:40]} Rh3 {[%clk 0:00:26]} 42. Ra7 {[%clk 0:00:41]} Rh4
{[%clk 0:00:21]} 43. Rxa5 {[%clk 0:00:23]} Rxc4 {[%clk 0:00:29]} 44. c3
{[%clk 0:00:32]} Kf5 {[%clk 0:00:18]} 45. Kd3 {[%clk 0:00:41]} Re4
{[%clk 0:00:24]} 46. Rxc5 {[%clk 0:00:37]} Rxe5 {[%clk 0:00:33]} 47. Rxe5+
{[%clk 0:00:37]} 1/2-1/2

[Event "Rapid 2018"]
[Site "Saint-Petersburg"]
[Date "2018.12.27"]
[Round "10"]
[Board "87"]
[White "Kabanov Nikolai (RUS)"]
[Black "Lintchevski Daniil (RUS)"]
[Result "1-0"]
[BlackElo "2603"]
[WhiteElo "2403"]
[LiveChessVersion "1.4.8"]

1. e4 {[%clk 0:15:18]} c5 {[%clk 0:15:18]} 2. Nf3 {[%clk 0:15:25]} e6
{[%clk 0:15:27]} 3. d4 {[%clk 0:15:16]} cxd4 {[%clk 0:15:36]} 4. Nxd4
{[%clk 0:15:25]} Nf6 {[%clk 0:15:44]} 5. Nc3 {[%clk 0:15:31]} Nc6
{[%clk 0:15:53]} 6. Be2 {[%clk 0:14:44]} d6 {[%clk 0:15:58]} 7. O-O
{[%clk 0:14:46]} Be7 {[%clk 0:16:06]} 8. Be3 {[%clk 0:14:01]} O-O
{[%clk 0:16:13]} 9. Kh1 {[%clk 0:13:35]} Qc7 {[%clk 0:15:49]} 10. Nb3
{[%clk 0:13:00]} a6 {[%clk 0:15:27]} 11. f4 {[%clk 0:12:45]} b5 {[%clk 0:15:26]}
12. Bd3 {[%clk 0:12:28]} Bb7 {[%clk 0:15:13]} 13. Qf3 {[%clk 0:12:06]} Nb4
{[%clk 0:14:53]} 14. Qh3 {[%clk 0:11:02]} d5 {[%clk 0:13:53]} 15. e5
{[%clk 0:10:59]} Ne4 {[%clk 0:13:59]} 16. Bd4 {[%clk 0:09:41]} g6
{[%clk 0:13:11]} 17. a3 {[%clk 0:08:39]} Nxd3 {[%clk 0:12:51]} 18. cxd3
{[%clk 0:08:46]} Nxc3 {[%clk 0:12:57]} 19. Bxc3 {[%clk 0:08:52]} d4
{[%clk 0:12:56]} 20. Nxd4 {[%clk 0:08:53]} Qd7 {[%clk 0:12:19]} 21. f5
{[%clk 0:08:18]} gxf5 {[%clk 0:08:13]} 22. Nxf5 {[%clk 0:08:05]} Kh8
{[%clk 0:08:20]} 23. Nxe7 {[%clk 0:05:00]} Qxe7 {[%clk 0:08:23]} 24. Bb4
{[%clk 0:05:07]} Qg5 {[%clk 0:08:07]} 25. Bxf8 {[%clk 0:05:10]} Rxf8
{[%clk 0:08:16]} 26. Qg3 {[%clk 0:05:04]} Qh5 {[%clk 0:07:49]} 27. Qf4
{[%clk 0:03:32]} Rg8 {[%clk 0:06:44]} 28. Qf6+ {[%clk 0:03:39]} Rg7
{[%clk 0:06:52]} 29. Rf2 {[%clk 0:03:47]} h6 {[%clk 0:06:52]} 30. Kg1
{[%clk 0:02:57]} Kh7 {[%clk 0:06:52]} 31. Re1 {[%clk 0:02:06]} Qg4
{[%clk 0:06:35]} 32. Qf4 {[%clk 0:01:59]} Qh5 {[%clk 0:04:55]} 33. Qd2
{[%clk 0:01:56]} Rg5 {[%clk 0:03:58]} 34. Re3 {[%clk 0:01:57]} Bd5
{[%clk 0:03:39]} 35. Rg3 {[%clk 0:01:34]} Rxe5 {[%clk 0:02:50]} 36. Rh3
{[%clk 0:01:39]} Qg5 {[%clk 0:02:57]} 37. Qxg5 {[%clk 0:01:29]} Rxg5
{[%clk 0:03:05]} 38. Rxf7+ {[%clk 0:01:31]} Kg6 {[%clk 0:03:13]} 39. Rf2
{[%clk 0:01:40]} Re5 {[%clk 0:03:19]} 40. Rg3+ {[%clk 0:01:39]} Kh7
{[%clk 0:03:25]} 41. Rf7+ {[%clk 0:01:42]} Kh8 {[%clk 0:03:34]} 42. Kf2
{[%clk 0:01:50]} 1-0

[Event "Rapid 2018"]
[Site "Saint-Petersburg"]
[Date "2018.12.27"]
[Round "10"]
[Board "88"]
[White "Tsoi Dmitry (RUS)"]
[Black "Teske Henrik (GER)"]
[Result "1-0"]
[BlackElo "2555"]
[WhiteElo "2381"]
[LiveChessVersion "1.4.8"]

1. e4 {[%clk 0:15:19]} e6 {[%clk 0:15:18]} 2. d3 {[%clk 0:15:20]} c5
{[%clk 0:15:21]} 3. f4 {[%clk 0:15:25]} Nc6 {[%clk 0:15:29]} 4. Nf3
{[%clk 0:15:34]} d5 {[%clk 0:15:34]} 5. Be2 {[%clk 0:15:41]} Nf6 {[%clk 0:15:27]}
6. Nbd2 {[%clk 0:15:49]} b5 {[%clk 0:15:21]} 7. O-O {[%clk 0:15:52]} c4
{[%clk 0:14:11]} 8. exd5 {[%clk 0:14:49]} Qb6+ {[%clk 0:14:11]} 9. Kh1 cxd3
{[%clk 0:13:42]} 10. dxc6 {[%clk 0:14:13]} dxe2 {[%clk 0:13:48]} 11. Qxe2
{[%clk 0:14:21]} Nd5 {[%clk 0:12:59]} 12. Ne4 {[%clk 0:13:46]} b4
{[%clk 0:12:55]} 13. Rd1 {[%clk 0:12:29]} Ba6 {[%clk 0:12:54]} 14. Qe1
{[%clk 0:12:33]} Qxc6 {[%clk 0:12:40]} 15. Nd4 {[%clk 0:11:52]} Qb6
{[%clk 0:12:46]} 16. f5 {[%clk 0:11:53]} Be7 {[%clk 0:11:55]} 17. fxe6
{[%clk 0:11:45]} fxe6 {[%clk 0:12:02]} 18. Nc5 {[%clk 0:09:50]} Qxc5
{[%clk 0:08:25]} 19. Nxe6 {[%clk 0:09:55]} Qxc2 {[%clk 0:06:44]} 20. Nxg7+
{[%clk 0:08:01]} Kf8 {[%clk 0:06:53]} 21. Bh6 {[%clk 0:07:58]} Bb7
{[%clk 0:05:54]} 22. Rxd5 {[%clk 0:06:57]} Qc6 {[%clk 0:03:40]} 23. Nf5+ 1-0

[Event "Rapid 2018"]
[Site "Saint-Petersburg"]
[Date "2018.12.27"]
[Round "10"]
[Board "89"]
[White "Zablotsky Sergei (RUS)"]
[Black "Pogosyan Stefan (RUS)"]
[Result "1-0"]
[BlackElo "2353"]
[WhiteElo "2542"]
[LiveChessVersion "1.4.8"]

1. d4 {[%clk 0:15:19]} Nf6 {[%clk 0:15:19]} 2. c4 {[%clk 0:15:27]} c5
{[%clk 0:15:28]} 3. d5 {[%clk 0:15:34]} b5 {[%clk 0:15:38]} 4. Qc2
{[%clk 0:15:34]} g6 {[%clk 0:15:35]} 5. e4 {[%clk 0:15:40]} d6 {[%clk 0:15:41]}
6. cxb5 {[%clk 0:15:16]} Bg7 {[%clk 0:15:46]} 7. Nc3 {[%clk 0:15:19]} O-O
{[%clk 0:15:53]} 8. Nf3 {[%clk 0:14:59]} a6 {[%clk 0:15:57]} 9. a4
{[%clk 0:14:17]} axb5 {[%clk 0:15:06]} 10. Bxb5 {[%clk 0:14:23]} Qb6
{[%clk 0:14:47]} 11. O-O {[%clk 0:14:15]} Ba6 {[%clk 0:13:26]} 12. Nd2
{[%clk 0:13:42]} Bxb5 {[%clk 0:13:26]} 13. Nxb5 {[%clk 0:13:50]} Na6
{[%clk 0:13:08]} 14. Nc4 {[%clk 0:13:53]} Qb7 {[%clk 0:13:16]} 15. Bd2
{[%clk 0:13:53]} Nb4 {[%clk 0:11:26]} 16. Bxb4 {[%clk 0:13:22]} cxb4
{[%clk 0:11:35]} 17. b3 {[%clk 0:13:05]} Nd7 {[%clk 0:11:40]} 18. Rab1
{[%clk 0:13:00]} Nc5 {[%clk 0:11:33]} 19. Rfe1 {[%clk 0:12:23]} Rfc8
{[%clk 0:08:50]} 20. Qe2 {[%clk 0:12:23]} h5 {[%clk 0:07:18]} 21. h3
{[%clk 0:11:59]} h4 {[%clk 0:07:17]} 22. Red1 {[%clk 0:11:13]} Qa6
{[%clk 0:06:56]} 23. e5 {[%clk 0:09:30]} dxe5 {[%clk 0:06:12]} 24. Nxe5
{[%clk 0:09:33]} Kf8 {[%clk 0:05:14]} 25. Nc6 {[%clk 0:09:12]} Bf6
{[%clk 0:03:50]} 26. Nxb4 {[%clk 0:09:16]} Qb7 {[%clk 0:04:00]} 27. Nc6
{[%clk 0:08:47]} Nd7 {[%clk 0:04:00]} 28. Qe3 {[%clk 0:08:20]} Nb6
{[%clk 0:03:49]} 29. Nb4 {[%clk 0:07:59]} Rd8 {[%clk 0:03:16]} 30. d6
{[%clk 0:07:14]} Kg7 {[%clk 0:02:33]} 31. Rbc1 {[%clk 0:06:07]} Rac8
{[%clk 0:02:17]} 32. Qf3 {[%clk 0:05:05]} Qxf3 {[%clk 0:01:02]} 33. gxf3
{[%clk 0:05:13]} exd6 {[%clk 0:01:04]} 34. Rxc8 {[%clk 0:04:33]} Rxc8
{[%clk 0:00:56]} 35. Nxd6 {[%clk 0:03:24]} Rd8 {[%clk 0:00:15]} 36. Nc6
{[%clk 0:03:30]} Ra8 {[%clk 0:00:23]} 37. a5 {[%clk 0:03:25]} Nd7
{[%clk 0:00:26]} 38. Nf5+ {[%clk 0:02:01]} gxf5 {[%clk 0:00:29]} 39. Rxd7
{[%clk 0:02:09]} Bc3 {[%clk 0:00:15]} 40. b4 {[%clk 0:02:13]} Bxb4
{[%clk 0:00:24]} 41. Nxb4 {[%clk 0:02:20]} Rxa5 {[%clk 0:00:33]} 42. Rd4
{[%clk 0:02:07]} 1-0

[Event "Rapid 2018"]
[Site "Saint-Petersburg"]
[Date "2018.12.27"]
[Round "10"]
[Board "90"]
[White "Vaisser Anatoli (FRA)"]
[Black "Hirneise Tobias (GER)"]
[Result "1/2-1/2"]
[BlackElo "2415"]
[WhiteElo "2530"]
[LiveChessVersion "1.4.8"]

1. d4 {[%clk 0:15:18]} d5 {[%clk 0:15:19]} 2. c4 {[%clk 0:15:26]} c6
{[%clk 0:15:27]} 3. cxd5 {[%clk 0:15:34]} cxd5 {[%clk 0:15:36]} 4. Bf4
{[%clk 0:15:43]} Nc6 {[%clk 0:15:39]} 5. e3 {[%clk 0:15:51]} Nf6 {[%clk 0:15:47]}
6. Nc3 {[%clk 0:16:00]} Bg4 {[%clk 0:15:55]} 7. f3 {[%clk 0:15:27]} Bd7
{[%clk 0:16:02]} 8. g4 {[%clk 0:15:30]} e6 {[%clk 0:15:48]} 9. Bd3
{[%clk 0:15:32]} a6 {[%clk 0:14:24]} 10. Nge2 {[%clk 0:15:31]} g6
{[%clk 0:12:15]} 11. h4 {[%clk 0:15:24]} h5 {[%clk 0:12:13]} 12. g5
{[%clk 0:15:25]} Ng8 {[%clk 0:12:23]} 13. e4 {[%clk 0:14:54]} Nge7
{[%clk 0:12:28]} 14. Bc2 {[%clk 0:12:56]} Bg7 {[%clk 0:12:28]} 15. Be3
{[%clk 0:12:54]} O-O {[%clk 0:12:18]} 16. e5 {[%clk 0:12:31]} Na5
{[%clk 0:11:34]} 17. b3 {[%clk 0:12:31]} Rc8 {[%clk 0:11:25]} 18. Qd2
{[%clk 0:12:24]} b5 {[%clk 0:11:21]} 19. Rc1 {[%clk 0:11:55]} Qb6
{[%clk 0:10:58]} 20. Ng3 {[%clk 0:11:20]} Rc7 {[%clk 0:10:47]} 21. Nce2
{[%clk 0:10:58]} Rfc8 {[%clk 0:10:22]} 22. Kf2 {[%clk 0:10:58]} Nac6
{[%clk 0:10:10]} 23. Bb1 {[%clk 0:10:18]} Qa5 {[%clk 0:10:11]} 24. Qb2
{[%clk 0:08:28]} b4 {[%clk 0:09:57]} 25. Nf4 {[%clk 0:08:24]} Na7
{[%clk 0:09:37]} 26. Ngxh5 {[%clk 0:07:07]} gxh5 {[%clk 0:09:13]} 27. Nxh5
{[%clk 0:07:11]} Qa3 {[%clk 0:09:17]} 28. Qxa3 {[%clk 0:06:49]} bxa3
{[%clk 0:09:25]} 29. Nf6+ {[%clk 0:06:39]} Bxf6 {[%clk 0:09:11]} 30. gxf6
{[%clk 0:06:32]} Rxc1 {[%clk 0:09:04]} 31. Bxc1 {[%clk 0:06:41]} Nf5
{[%clk 0:09:11]} 32. Bxf5 {[%clk 0:05:44]} exf5 {[%clk 0:09:17]} 33. Rg1+
{[%clk 0:05:22]} Kh8 {[%clk 0:09:24]} 34. Bxa3 {[%clk 0:05:31]} Rc2+
{[%clk 0:08:36]} 35. Ke3 {[%clk 0:05:31]} Rxa2 {[%clk 0:08:02]} 36. Bc5
{[%clk 0:04:43]} Nc6 {[%clk 0:07:49]} 37. Rg5 {[%clk 0:04:44]} Nd8
{[%clk 0:06:17]} 38. Rh5+ {[%clk 0:04:47]} Kg8 {[%clk 0:06:27]} 39. Rg5+
{[%clk 0:04:56]} Kh8 {[%clk 0:05:56]} 40. Rh5+ {[%clk 0:05:04]} Kg8
{[%clk 0:06:00]} 41. Rg5+ {[%clk 0:05:11]} Kh8 {[%clk 0:06:03]} 42. Rh5+
{[%clk 0:03:57]} 1/2-1/2